000
00253nam a2200097Ia 4500
001
642503
005
20250826153527.0
008
250824s9999 xx 000 0 und d
245
0
_a
PAKİZE ANTİK
_c
SÜLEYMAN TEVFİK
260
_b
ANTİK DÜNYA KLASİKLERİ
999
_c
642503
_d
642503